Wszystkie mecze Paulo Sousy jako selekcjonera reprezentacji Polski - Statystyki

Ogólne statystyki
  • Ten quiz został rozwiązany 103 razy
  • Średni wynik to 13 z 15
Statystyki odpowiedzi
Data Miasto Wynik Rozgrywki Rywal % Poprawnych
25.03.2021 Budapeszt 3:3 eliminacje MŚ 2022 Węgry
100%
19.06.2021 Sevilla 1:1 EURO 2020 Hiszpania
98%
23.06.2021 Petersburg 2:3 EURO 2020 Szwecja
98%
31.03.2021 Londyn 1:2 eliminacje MŚ 2022 Anglia
97%
14.06.2021 Petersburg 1:2 EURO 2020 Słowacja
97%
12.11.2021 Andora 4:1 eliminacje MŚ 2022 Andora
95%
12.10.2021 Tirana 1:0 eliminacje MŚ 2022 Albania
93%
5.09.2021 Serravalle 7:1 eliminacje MŚ 2022 San Marino
92%
28.03.2021 Warszawa 3:0 eliminacje MŚ 2022 Andora
91%
8.09.2021 Warszawa 1:1 eliminacje MŚ 2022 Anglia
90%
9.10.2021 Warszawa 5:0 eliminacje MŚ 2022 San Marino
90%
15.11.2021 Warszawa 1:2 eliminacje MŚ 2022 Węgry
90%
2.09.2021 Warszawa 4:1 eliminacje MŚ 2022 Albania
87%
8.06.2021 Poznań 2:2 mecz towarzyski Islandia
60%
1.06.2021 Wrocław 1:1 mecz towarzyski Rosja
56%
Nie znaleziono quizów pasujących do podanych kryteriów
Rozkład punktacji
Procent ludzi z każdym wynikiem
Percentyl według liczby udzielonych odpowiedzi
Twoja historia wyników
Nie rozwiązałeś tego quizu